000 00680nam a2200229 a 4500
001 000025521
005 20240509192331.0
008 110217s1986 dr 000 0 spa d
040 _aDO-SdBNP
_bspa
_cBNPHU
082 _a306.8
_bH471m, 1986
100 1 _aHeinsen, Franz
_938463
245 1 0 _aMatrimonio /
_cFranz Heinsen.
250 _a3a ed.
260 _aSanto Domingo :
_bTaller,
_c1986.
300 _a108 p. ;
_c19 cm.
504 _aBibliografía : p. 107-108
590 _aInventariado,2018/DG
650 0 _aMatrimonio
_9797
650 4 _aEducación para la vida familiar
_92729
650 4 _aConsejería matrimonial
_91274
910 _aValidado. Control de calidad MFF
999 _c25013
_d25013